Fundamentals of career and vocational guidance (Record no. 10773)

MARC details
000 -LEADER
fixed length control field 00573cam a2200217ua 4500
001 - CONTROL NUMBER
control field 12000
005 - DATE AND TIME OF LATEST TRANSACTION
control field 20260515114826.0
008 - FIXED-LENGTH DATA ELEMENTS--GENERAL INFORMATION
fixed length control field 200103n ii |||gr||||Z||||||eng
020 ## - INTERNATIONAL STANDARD BOOK NUMBER
International Standard Book Number 9788131103906
040 ## - CATALOGING SOURCE
Transcribing agency MAIN
082 ## - DEWEY DECIMAL CLASSIFICATION NUMBER
Classification number 331.702
100 ## - MAIN ENTRY--PERSONAL NAME
Personal name S.Viswanathan,
Relator term Author.
245 ## - TITLE STATEMENT
Title Fundamentals of career and vocational guidance
Statement of responsibility, etc. By S.Viswanathan
250 ## - EDITION STATEMENT
Edition statement 1st sem.
260 ## - PUBLICATION, DISTRIBUTION, ETC.
Place of publication, distribution, etc. New Delhi:
Name of publisher, distributor, etc. Commonwealth,
Date of publication, distribution, etc. 2013.
300 ## - PHYSICAL DESCRIPTION
Extent 264p.
653 ## - INDEX TERM--UNCONTROLLED
Uncontrolled term Labor economics
653 ## - INDEX TERM--UNCONTROLLED
Uncontrolled term Vocational Education
700 ## - ADDED ENTRY--PERSONAL NAME
Personal name S.K.Siddharth,
Relator term Author.
942 ## - ADDED ENTRY ELEMENTS (KOHA)
Koha item type Books
Holdings
Withdrawn status Lost status Damaged status Not for loan Home library Current library Shelving location Date acquired Total checkouts Full call number Barcode Date last seen Copy number Price effective from Koha item type
        Naharkatiya College Library Naharkatiya College Library General stacks 09/19/2020   331.702Career | VIS 24554 09/19/2020 1 09/19/2020 Books